Professional Selling

Saved in:
Bibliographic Details
Main Author: Kurtz, David L.
Other Authors: Dodge, H. Robert, Klompmaker, Jay E.
Format: Book
Language:English
Published: Homewood Irwin 1988
Edition:5. ed.
Subjects:
Tags: Add Tag
No Tags, Be the first to tag this record!

MARC

LEADER 00000nam a2200000 4500
001 c000342
005 20221219121204.0
020 |a 0-256-05814-8 
041 0 |a eng 
044 |a US 
245 1 0 |a Professional Selling  |c David L. Kurtz, Robert H. Dodge, Jay E. Klompmaker 
250 |a 5. ed. 
264 1 |a Homewood  |b Irwin  |c 1988 
300 |a 399 s. 
610 2 0 |a predaj 
610 2 0 |a obchod 
610 2 0 |a povolania 
610 2 0 |a spotrebitelia 
610 2 0 |a správanie 
610 2 0 |a marketing 
610 2 0 |a stratégia podniková 
610 2 0 |a kvalifikácia 
610 2 0 |a rozvoj pracovníkov 
610 2 0 |a príprava odborná 
100 1 |a Kurtz, David L. 
700 1 |a Dodge, H. Robert 
700 1 |a Klompmaker, Jay E.